<?xml version="1.0" encoding="UTF-8"?>
<collection xmlns="http://www.loc.gov/MARC21/slim">
 <record>
  <leader>     na                 </leader>
  <controlfield tag="001">INLIS000000000002282</controlfield>
  <controlfield tag="005">20250929092154</controlfield>
  <datafield tag="035" ind1=" " ind2=" ">
   <subfield code="a">0010-0925000022</subfield>
  </datafield>
  <datafield tag="245" ind1="1" ind2=" ">
   <subfield code="a">AKIDAH AKHLAK KELAS 6 :</subfield>
   <subfield code="b">MODUL AJAR MATERI ESENSIAL /</subfield>
   <subfield code="c">TIM PENULIS KKG</subfield>
  </datafield>
  <datafield tag="100" ind1="0" ind2=" ">
   <subfield code="a">TIM PENULIS KKG</subfield>
   <subfield code="e">Pengarang</subfield>
  </datafield>
  <datafield tag="250" ind1=" " ind2=" ">
   <subfield code="a">-</subfield>
  </datafield>
  <datafield tag="300" ind1=" " ind2=" ">
   <subfield code=":"></subfield>
   <subfield code="b">ilus ;</subfield>
   <subfield code="c">17x25 cm</subfield>
  </datafield>
  <datafield tag="264" ind1=" " ind2=" ">
   <subfield code="a">JAWA TENGAH :</subfield>
   <subfield code="b">ALFA MEDIA INSANI,</subfield>
   <subfield code="c">2025</subfield>
  </datafield>
  <datafield tag="336" ind1=" " ind2=" ">
   <subfield code="2">rdacontent</subfield>
   <subfield code="a">text</subfield>
  </datafield>
  <datafield tag="337" ind1=" " ind2=" ">
   <subfield code="2">rdamedia</subfield>
   <subfield code="a">unmediated</subfield>
  </datafield>
  <datafield tag="338" ind1=" " ind2=" ">
   <subfield code="2">rdacarrier</subfield>
   <subfield code="a">other</subfield>
  </datafield>
  <datafield tag="082" ind1=" " ind2=" ">
   <subfield code="a">372.84</subfield>
  </datafield>
  <datafield tag="084" ind1=" " ind2=" ">
   <subfield code="a">372.84 TIM a</subfield>
  </datafield>
 </record>
</collection>
